000 00367pam a2200145 a 4500
020 _c
041 _h
082 _a750
_bHOS
100 _aRanjit Hoskate.
245 _aThe Art of : Jehangir Sabavala
_bThe Art of : Jehangir Sabavala
_hTextual Documents
250 _a2005.
260 _a[s.l]:
_bEminence Designs Bombay
300 _a224:
_bHard.
930 _a3361
999 _c237151
_d237151